[Event "DM 2024 KP-1 Grp1"]
[Site "Svendborg"]
[Date "2024.03.25"]
[Round "4"]
[White "Madsen, Hans Henrik"]
[Black "Paludan, Noah"]
[Result "1-0"]
[WhiteElo "2087"]
[BlackElo "1922"]
[PlyCount "79"]
[WhiteFideId "1403117"]
[BlackFideId "1474987"]
[EventDate "2024.03.23"]
[EventType "swiss"]
[EventRounds "5"]
[EventCountry "DEN"]
[SourceTitle "Live v. Kasper Jerwiarz"]

1. d4 Nf6 2. Bg5 g6 3. Bxf6 exf6 4. e3 d5 5. g3 Bd6 
6. Bg2 c6 7. Nd2 O-O 8. Ne2 Re8 9. O-O Nd7 10. c4 dxc4 
11. Nxc4 Bc7 12. Nc3 Rb8 13. b4 b5 14. Nd2 Bb7 15. Nb3 Qe7 
16. a3 f5 17. Qc2 Bb6 18. Rfd1 Red8 19. Ne2 Rbc8 20. Nf4 Nf6 
21. Nd3 Ne4 22. Rac1 h5 23. h4 g5 24. hxg5 Nxg5 25. Nbc5 Ba8 
26. Nf4 Bxc5 27. Qxc5 Qf6 28. Nxh5 Qh6 29. Nf4 Ne6 30. Qxf5 Ng7 
31. Qh3 Qd6 32. Rc5 f5 33. Qh4 Rf8 34. Bf3 Rf6 35. Kg2 Kf7 
36. Rh1 Rf8 37. Qg5 Ne6 38. Rh7+ Ke8 39. Nxe6 Qxe6 40. Re5 1-0

[Event "DM 2024 KP-1 Grp1"]
[Site "Svendborg"]
[Date "2024.03.25"]
[Round "4"]
[White "Almasy, Alexander Christian"]
[Black "Poulsen, Peter Risgaard"]
[Result "1-0"]
[WhiteElo "1879"]
[BlackElo "1927"]
[PlyCount "69"]
[WhiteFideId "1415700"]
[BlackFideId "1407333"]
[EventDate "2024.03.23"]
[EventType "swiss"]
[EventRounds "5"]
[EventCountry "DEN"]
[SourceTitle "Live v. Kasper Jerwiarz"]

1. e4 c6 2. d4 d5 3. exd5 cxd5 4. c4 Nc6 5. Be3 Nf6 
6. h3 g6 7. Nf3 Bg7 8. Nc3 O-O 9. Be2 Be6 10. c5 Ne4 
11. Qb3 Qd7 12. Rd1 h6 13. Nh2 f5 14. Nxe4 fxe4 15. O-O Kh7 
16. Qc3 Rf7 17. b4 Raf8 18. b5 Nd8 19. Bc1 h5 20. a4 Rf5 
21. f3 Nf7 22. fxe4 dxe4 23. Rxf5 Bxf5 24. Nf1 Nh6 25. Qe3 Be6 
26. d5 Bxd5 27. Qxe4 Qf5 28. Qxf5 Rxf5 29. Ng3 Bb3 30. Nxf5 Bxd1 
31. Nxg7 Bxe2 32. Bxh6 Kxh6 33. Ne6 Bc4 34. Nd4 e5 35. c6 1-0

[Event "DM 2024 KP-1 Grp1"]
[Site "Svendborg"]
[Date "2024.03.25"]
[Round "4"]
[White "Rasmussen, Bjarne Meldgaard"]
[Black "Watson, Colin"]
[Result "1/2-1/2"]
[WhiteElo "1914"]
[BlackElo "1938"]
[PlyCount "59"]
[WhiteFideId "1439880"]
[BlackFideId "1422910"]
[EventDate "2024.03.23"]
[EventType "swiss"]
[EventRounds "5"]
[EventCountry "DEN"]
[SourceTitle "Live v. Kasper Jerwiarz"]

1. e4 c6 2. d4 d5 3. Nc3 dxe4 4. Nxe4 Nf6 5. Ng3 Nbd7 
6. Nf3 e6 7. Be2 Be7 8. O-O O-O 9. Re1 c5 10. c3 b6 
11. Ne5 Bb7 12. Nxd7 Qxd7 13. dxc5 Qxd1 14. Rxd1 Bxc5 15. b4 Be7 
16. a3 Rfd8 17. Bb2 Rac8 18. Rxd8+ Rxd8 19. Rd1 Rxd1+ 20. Bxd1 Nd7 
21. c4 g6 22. Nf1 e5 23. Ba4 Bc8 24. Bxd7 Bxd7 25. Bxe5 Be6 
26. Ne3 a5 27. Bc3 axb4 28. axb4 Bg5 29. Nd5 b5 30. Nf6+ 1/2-1/2

[Event "DM 2024 KP-1 Grp1"]
[Site "Svendborg"]
[Date "2024.03.25"]
[Round "4"]
[White "Ringsmose, Christian"]
[Black "Olsen, Birger"]
[Result "1/2-1/2"]
[WhiteElo "1980"]
[BlackElo "1938"]
[PlyCount "82"]
[WhiteFideId "1451669"]
[BlackFideId "1450344"]
[EventDate "2024.03.23"]
[EventType "swiss"]
[EventRounds "5"]
[EventCountry "DEN"]
[SourceTitle "Live v. Kasper Jerwiarz"]

1. e4 e5 2. Nf3 Nc6 3. Bb5 Nf6 4. d3 Bc5 5. Nbd2 d6 
6. h3 h6 7. c3 a6 8. Ba4 b5 9. Bc2 Bb7 10. Nf1 O-O 
11. g4 d5 12. Qe2 dxe4 13. dxe4 Qd6 14. Ng3 Ne7 15. Nh4 Qb6 
16. Rg1 Ng6 17. Ng2 Rfe8 18. Be3 Nf4 19. Bxf4 exf4 20. Nxf4 b4 
21. Kf1 Bd6 22. Qf3 bxc3 23. b3 Rad8 24. Re1 Bxf4 25. Qxf4 Rd2 
26. Re2 Rxe2 27. Kxe2 Rd8 28. Rd1 Qb5+ 29. Ke1 Re8 30. f3 Qc5 
31. Ne2 a5 32. Rd3 Ba6 33. Rxc3 Qb4 34. Qd2 Bxe2 35. Kxe2 Qb6 
36. Rd3 Qg1 37. Rd8 Qg2+ 38. Ke3 Qg1+ 39. Ke2 Qg2+ 40. Ke1 Qg1+ 
41. Ke2 Qg2+ 1/2-1/2

[Event "DM 2024 KP-1 Grp1"]
[Site "Svendborg"]
[Date "2024.03.25"]
[Round "4"]
[White "Skytte, Torill"]
[Black "Bonnez, Finn"]
[Result "1-0"]
[WhiteElo "1968"]
[BlackElo "1917"]
[PlyCount "77"]
[WhiteFideId "1503260"]
[BlackFideId "1403800"]
[EventDate "2024.03.23"]
[EventType "swiss"]
[EventRounds "5"]
[EventCountry "DEN"]
[SourceTitle "Live v. Kasper Jerwiarz"]

1. d4 f5 2. Nc3 Nf6 3. Bg5 g6 4. h4 Bg7 5. Bxf6 Bxf6 
6. e4 fxe4 7. Nxe4 d5 8. Nxf6+ exf6 9. Qd2 Qe7+ 10. Ne2 Nc6 
11. O-O-O Bf5 12. Ng3 Be6 13. Re1 Kd7 14. Bb5 a6 15. Bxc6+ bxc6 
16. Re3 Rhe8 17. Rhe1 Qf8 18. Ra3 Bg8 19. Rxe8 Qxe8 20. Re3 Qf8 
21. Ne2 g5 22. Kb1 Re8 23. Nc1 Rxe3 24. Qxe3 Qe7 25. Qd2 gxh4 
26. Nb3 Bf7 27. Nc5+ Ke8 28. Nxa6 Bg6 29. Nc5 Qd6 30. a4 Qh2 
31. f3 h3 32. Qe3+ Kf8 33. Nd7+ Kg7 34. Qe7+ Kh6 35. Qf8+ Kh5 
36. Nxf6+ Kg5 37. Ng4 Qxg2 38. Qh6+ Kf5 39. Ne3+ 1-0

[Event "DM 2024 KP-1 Grp1"]
[Site "Svendborg"]
[Date "2024.03.25"]
[Round "5"]
[White "Rasmussen, Steen Hulthin"]
[Black "Madsen, Hans Henrik"]
[Result "1/2-1/2"]
[WhiteElo "2052"]
[BlackElo "2087"]
[PlyCount "34"]
[WhiteFideId "1419307"]
[BlackFideId "1403117"]
[EventDate "2024.03.23"]
[EventType "swiss"]
[EventRounds "5"]
[EventCountry "DEN"]
[SourceTitle "Live v. Kasper Jerwiarz"]

1. d4 d5 2. c4 e6 3. Nc3 Nf6 4. Bg5 Be7 5. Nf3 O-O 
6. e3 a6 7. cxd5 exd5 8. Bd3 Nbd7 9. O-O c6 10. Qc2 Re8 
11. Nd2 Nf8 12. Rab1 Be6 13. b4 Rc8 14. Na4 N6d7 15. Bf4 b5 
16. Nc3 Nb6 17. a3 Bd6 1/2-1/2

[Event "DM 2024 KP-1 Grp1"]
[Site "Svendborg"]
[Date "2024.03.25"]
[Round "5"]
[White "Steenstrup, Svend"]
[Black "Ramsdal, Mikkel"]
[Result "0-1"]
[WhiteElo "1959"]
[BlackElo "1882"]
[PlyCount "70"]
[WhiteFideId "1409182"]
[BlackFideId "1438484"]
[EventDate "2024.03.23"]
[EventType "swiss"]
[EventRounds "5"]
[EventCountry "DEN"]
[SourceTitle "Live v. Kasper Jerwiarz"]

1. d4 Nf6 2. c4 e6 3. g3 d5 4. Bg2 Be7 5. Nf3 O-O 
6. O-O c6 7. Nc3 Nbd7 8. Qc2 dxc4 9. e4 b5 10. Rd1 Bb7 
11. a4 a6 12. axb5 axb5 13. Rxa8 Qxa8 14. e5 Nd5 15. Bg5 Qd8 
16. Ne4 h6 17. Bxe7 Qxe7 18. Nd6 N7b6 19. Nd2 Ra8 20. b3 c3 
21. N2e4 b4 22. Nc5 Bc8 23. Re1 Qa7 24. Bf1 Nd7 25. Qe4 Nxc5 
26. dxc5 Qxc5 27. Bd3 f5 28. exf6 Nxf6 29. Qf4 Ba6 30. Nc4 Rd8 
31. Bc2 Bxc4 32. bxc4 Qd6 33. Rd1 Qxd1+ 34. Bxd1 Rxd1+ 35. Kg2 c2 
0-1

[Event "DM 2024 KP-1 Grp1"]
[Site "Svendborg"]
[Date "2024.03.25"]
[Round "5"]
[White "Aagaard, Gert"]
[Black "Almasy, Alexander Christian"]
[Result "1-0"]
[WhiteElo "2006"]
[BlackElo "1879"]
[PlyCount "69"]
[WhiteFideId "1427024"]
[BlackFideId "1415700"]
[EventDate "2024.03.23"]
[EventType "swiss"]
[EventRounds "5"]
[EventCountry "DEN"]
[SourceTitle "Live v. Kasper Jerwiarz"]

1. d4 Nf6 2. Nf3 g6 3. Bg5 Bg7 4. Nbd2 d5 5. h3 O-O 
6. e3 c5 7. c3 Qb6 8. b3 Nc6 9. Be2 Re8 10. O-O e5 
11. dxe5 Nxe5 12. Nxe5 Rxe5 13. Nf3 Re8 14. Bxf6 Bxf6 15. Qxd5 Rd8 
16. Qc4 Be6 17. Qf4 Bxc3 18. Rac1 Bg7 19. Bc4 Rac8 20. Ng5 Bxc4 
21. Rxc4 Qf6 22. Qg4 h6 23. Ne4 Qe7 24. Ng3 Rc6 25. Rd1 Rxd1+ 
26. Qxd1 Rd6 27. Qc2 b6 28. h4 h5 29. b4 cxb4 30. Ne4 Rd8 
31. Rc7 Rd1+ 32. Qxd1 Qxc7 33. Qd5 a5 34. Qa8+ Bf8 35. Nf6+ 1-0

[Event "DM 2024 KP-1 Grp1"]
[Site "Svendborg"]
[Date "2024.03.25"]
[Round "5"]
[White "Olsen, Birger"]
[Black "Rasmussen, Bjarne Meldgaard"]
[Result "1/2-1/2"]
[WhiteElo "1938"]
[BlackElo "1914"]
[PlyCount "33"]
[WhiteFideId "1450344"]
[BlackFideId "1439880"]
[EventDate "2024.03.23"]
[EventType "swiss"]
[EventRounds "5"]
[EventCountry "DEN"]
[SourceTitle "Live v. Kasper Jerwiarz"]

1. e4 e5 2. Nf3 Nc6 3. g3 Nf6 4. d3 Be7 5. Bg2 O-O 
6. Nbd2 d6 7. Nc4 h6 8. Ne3 Be6 9. Nh4 Re8 10. Nef5 Bf8 
11. Bd2 Kh7 12. O-O g6 13. Ne3 Qd7 14. f4 exf4 15. Rxf4 Nh5 
16. Rf2 Bg7 17. Bc3 1/2-1/2

[Event "DM 2024 KP-1 Grp1"]
[Site "Svendborg"]
[Date "2024.03.25"]
[Round "5"]
[White "Watson, Colin"]
[Black "Ringsmose, Christian"]
[Result "0-1"]
[WhiteElo "1938"]
[BlackElo "1980"]
[PlyCount "96"]
[WhiteFideId "1422910"]
[BlackFideId "1451669"]
[EventDate "2024.03.23"]
[EventType "swiss"]
[EventRounds "5"]
[EventCountry "DEN"]
[SourceTitle "Live v. Kasper Jerwiarz"]

1. Nc3 c6 2. e4 d5 3. exd5 cxd5 4. d4 Nc6 5. h3 Bf5 
6. Bd3 Bxd3 7. Qxd3 e6 8. Nf3 h6 9. Bf4 Nf6 10. O-O Rc8 
11. Rac1 Bd6 12. Be5 O-O 13. Rfe1 a6 14. Qe3 Bxe5 15. Nxe5 Qb6 
16. Nxf7 Rxf7 17. Qxe6 Re8 18. Nxd5 Rxe6 19. Nxb6 Rxe1+ 20. Rxe1 Nxd4 
21. c4 Rc7 22. b3 Rc6 23. Na4 b5 24. Nb2 Kf7 25. Re5 Re6 
26. Rxe6 Kxe6 27. Kf1 b4 28. Nd3 a5 29. f3 Nd7 30. Kf2 Nc2 
31. g4 Na3 32. f4 Nb1 33. f5+ Kd6 34. h4 Nc3 35. g5 hxg5 
36. hxg5 Ne4+ 37. Kf3 Nxg5+ 38. Kg4 Ne4 39. Kh5 Ndc5 40. Nc1 Ke5 
41. Kg6 Ng3 42. Kxg7 Nxf5+ 43. Kf7 Kd4 44. Ne2+ Kd3 45. Nf4+ Kc3 
46. Ne6 Nxb3 47. axb3 Nd6+ 48. Ke7 Nxc4 0-1

[Event "DM 2024 KP-1 Grp1"]
[Site "Svendborg"]
[Date "2024.03.25"]
[Round "5"]
[White "Paludan, Noah"]
[Black "Bonnez, Finn"]
[Result "1/2-1/2"]
[WhiteElo "1922"]
[BlackElo "1917"]
[PlyCount "81"]
[WhiteFideId "1474987"]
[BlackFideId "1403800"]
[EventDate "2024.03.23"]
[EventType "swiss"]
[EventRounds "5"]
[EventCountry "DEN"]
[SourceTitle "Live v. Kasper Jerwiarz"]

1. e4 e5 2. Nf3 d6 3. d4 exd4 4. Nxd4 Nf6 5. Nc3 Be7 
6. Bc4 O-O 7. O-O a5 8. Re1 Na6 9. Nb3 c6 10. f3 b5 
11. Bf1 b4 12. Ne2 d5 13. e5 Ne8 14. Be3 c5 15. Ng3 d4 
16. Bf2 a4 17. Nd2 Nac7 18. Nc4 Nd5 19. Ne4 f5 20. exf6 gxf6 
21. Ng3 Kh8 22. Qd2 Rg8 23. Nh5 Ng7 24. Nf4 Nxf4 25. Qxf4 Bf5 
26. Qd2 Ra7 27. Re2 Qf8 28. Rae1 Bg6 29. Kh1 Bf7 30. b3 Bxc4 
31. bxc4 Bd6 32. Re4 Re7 33. Rh4 Nf5 34. Rh3 Rxe1 35. Qxe1 Qe7 
36. Qxe7 Nxe7 37. Bd3 Rg7 38. Bh4 Ng8 39. Kg1 Re7 40. Kf2 Rb7 
41. Be4 1/2-1/2